000 00774nab a2200241 u 4500
001 17878
003 HDC
007 cr bn ---aaaaa
008 210225c mydr|noo 0 a may d
040 _aHDC
245 0 _aMASkargo perkenal perkhidmatan sehenti 24 jam di hotel haiwan
260 _aMalaysia :
_bBernama,
_c2004
336 _atext
_2rdacontent
337 _acomputer
_2rdamedia
338 _aonline resource
_2rdacarrier
650 _aAirlines industry
_915692
650 _ahotel issues
_917045
710 _aBernama
856 _zRequest full-text at [email protected]
942 _2lcc
942 _cNEWS
942 _kNWSO 008795
999 _c15194
_d15194